Adatok a helyettesítők hatásához a kalkonképződés és a Darzens kondenzáció esetében

Elmentve itt :
Bibliográfiai részletek
Szerző: Czukor Bálint
További közreműködők: Sipos György (Témavezető)
Dokumentumtípus: Disszertáció
Megjelent: 1963
Kulcsszavak:Kémia
Tárgyszavak:
Online Access:http://doktori.ek.szte.hu/9228
LEADER 00714nta a2200205 i 4500
001 dokt9228
005 20240308135934.0
008 240308s1963 hu om 0|| hun d
040 |a SZTE Doktori Repozitórium  |b hun 
041 |a hun 
100 1 |a Czukor Bálint 
245 1 0 |a Adatok a helyettesítők hatásához a kalkonképződés és a Darzens kondenzáció esetében  |h [elektronikus dokumentum] /  |c  Czukor Bálint 
260 |c 1963 
502 |a Disszertacio 
650 4 |a kémiai tudományok 
650 4 |a Természettudományok 
650 4 |a Kémiai tudományok 
695 |a Kémia 
700 0 1 |a Sipos György  |e ths 
856 4 0 |u https://doktori.bibl.u-szeged.hu/id/eprint/9228/1/1963_czukor_balint.pdf  |z Dokumentum-elérés